| 000 | 00933nam a2200253Ia 4500 | ||
|---|---|---|---|
| 008 | 191130s1990##################000#0#eng## | ||
| 020 | _a521391296 | ||
| 022 | _a89071158 | ||
| 040 |
_aACL _cACL |
||
| 082 | _a899.4 FIR | ||
| 100 | _aFirth, Raymond | ||
| 245 |
_aTikopia songs : poetic and musical art of a Polynesian people of the Solomon Islands _cby Raymond Firth ; Mervyn McLean |
||
| 260 |
_aCambridge _bCambridge University Press _c1990 |
||
| 300 | _axvii, 307 p. : ill., map ; 24 cm | ||
| 500 | _aIncludes bibliographical references (p. [301]-302) and index | ||
| 650 | _aFolk poetry, Tikopia | ||
| 650 | _aFolk poetry, Tikopia - History and criticism | ||
| 650 | _aTikopia (Solomon Islands people) - Rites and ceremonies | ||
| 650 | _aTikopia (Solomon Islands people) - Social life and customs | ||
| 700 | _aMcLean, Mervyn | ||
| 990 | _a583e4a0aac10000c4ef358ca58c45116 | ||
| 991 | _a173088 | ||
| 999 |
_c79183 _d79183 |
||